[Event "DSOL 04 Liga Gr-B 1st"]
[Site "Playchess.com INT"]
[Date "2020.06.25"]
[Round "1.2"]
[White "Klos, Stephan"]
[Black "Braeutigam, Martin"]
[Result "0-1"]
[WhiteElo "1741"]
[BlackElo "1604"]
[PlyCount "122"]
[EventDate "2020.06.22"]
[EventType "team-tourn (rapid)"]
[EventCountry "GER"]
[SourceTitle "EXT 2021"]
[Source "ChessBase"]
[SourceDate "2020.10.23"]
[SourceVersion "1"]
[SourceVersionDate "2020.10.23"]
[SourceQuality "1"]
[WhiteTeam "Rheinbacher SF"]
[BlackTeam "Buer Hassel"]
[WhiteTeamCountry "GER"]
[BlackTeamCountry "GER"]

1. b4 e5 2. Bb2 Bxb4 3. Bxe5 Nf6 4. Nf3 d5 5. e3 0-0 6. c4 Re8 7. cxd5 Nxd5 8. a3 Be7 9. Bb2 Bf5 10. Be2 c5 11. 0-0 Nc6 12. Nc3 Rc8 13. Qb3 Nxc3 14. Bxc3 b6 15. Bc4 Bg6 16. Bb5 Bf6 17. d4 cxd4 18. Nxd4 Nxd4 19. Bxd4 Bxd4 20. exd4 Re6 21. d5 Rd6 22. Rac1 Rxc1 23. Rxc1 h6 24. Re1 Qg5 25. Bc4 a5 26. h3 Kh7 27. Qb5 Qd2 28. Qe8 Rf6 29. Qe3 Qxe3 30. Rxe3 Rf4 31. Be2 Rd4 32. Bf3 b5 33. Kf1 b4 34. Ke2 Bc2 35. axb4 axb4 36. Re7 b3 37. Rb7 Kg6 38. Ke3 Rd3+ 39. Ke2 Kf6 40. Be4 Rc3 41. Kd2 Rc4 42. Bxc2 Rxc2+ 43. Kd3 Rxf2 44. Rxb3 Ke5 45. Ke3 Rxg2 46. Rb7 f5 47. Rd7 f4+ 48. Kf3 Rg3+ 49. Ke2 g5 50. Rd8 Rxh3 51. d6 Ke6 52. Kf2 g4 53. Rf8 f3 54. Rg8 h5 55. Rg6+ Kd7 56. Ke3 Rh2 57. Rf6 f2 58. Ke2 g3 59. Rf3 h4 60. Rd3 Rh1 61. Rf3 Re1+ 0-1